Keaton et cie :les burlesques américains du "muet"
Guardado en:
| Autor principal: | |
|---|---|
| Formato: | Libro |
| Lenguaje: | francés |
| Publicado: |
París
Seghers,
1964
|
| Colección: | Cinéma D'Aujourd'Hui, 25
|
| Materias: | |
| Etiquetas: |
Agregar Etiqueta
Sin Etiquetas, Sea el primero en etiquetar este registro!
|
MARC
| LEADER | 00000cam a2200000 a 4500 | ||
|---|---|---|---|
| 001 | UCV8365 | ||
| 003 | CL-VaPUC | ||
| 008 | 910430e19640000FR |||||||||||||||||fre|d | ||
| 082 | 0 | 4 | |a 791.4309 |b COU |2 21 |
| 100 | 0 | |a Coursodon, Jean-Pierre |e author |9 302436 | |
| 245 | 1 | 0 | |a Keaton et cie :les burlesques américains du "muet" |
| 300 | |a 205 p | ||
| 942 | |c BK | ||
| 945 | |d 19910430 00:00:00 | ||
| 260 | |a París |b Seghers, |c 1964 | ||
| 600 | 0 | 7 | |a KEATON, BUSTER |2 CL-VaPUC |9 266533 |
| 600 | 0 | 7 | |a LLOYD, HAROLD |2 CL-VaPUC |9 266534 |
| 650 | 0 | |a Productores y directores de cine |9 266427 | |
| 583 | |a last modification |c 20190402 08:59:03 |k Rodrigo Vera | ||
| 490 | 0 | |a Cinéma D'Aujourd'Hui, 25 | |
| 999 | |c 213895 |d 213893 | ||
| 952 | |0 0 |1 0 |3 erb |4 0 |6 791_430900000000000_COU_1964 |7 0 |8 A |9 196739 |a BIBART |b BIBART |i 5475929 |o 791.4309 COU 1964 |p 5475929 |r 2025-03-13 |w 2019-11-14 |y BK |z Catalogado en:20180615 |k ART | ||